000 00326nam a22001457a 4500
008 230414b ||||| |||| 00| 0 eng d
020 _a9780673522948
041 _aeng
080 _2SIXTH EDITION
_a37
082 _a37LAN
100 _a22
101 _aEDUKIM
245 _aTECHNICAL WRITING
_cLANNON.M.J
942 _2udc
_cBK
999 _c59546
_d59546